Children's Song Titles - Statistics

General Stats
  • This quiz has been taken 37,370 times
    37,356 since last reset
  • The average score is 14 of 20
Answer Stats
Song % Correct
Twinkle, Twinkle {Little} {Star}
100%
London {Bridge} is Falling Down
97%
Mary Had a {Little} {Lamb}
97%
Old McDonald Had a {Farm}
97%
Row, Row, Row Your {Boat}
97%
The Itsy Bitsy {Spider}
95%
Three Blind {Mice}
94%
She'll Be Comin' Round the {Mountain}
88%
Pop Goes the {Weasel}
87%
Hot Cross {Buns}
84%
{I}'{m} {a} Little Teapot
81%
Skip to My {Lou}
68%
I've Been Working on the {Railroad}
62%
Over the River and Through the {Woods}
55%
Here We Go 'Round the {Mulberry} {Bush}
46%
On Top of Old {Smoky}
46%
Go Tell {Aunt} Rhody
30%
Polly Wolly {Doodle}
27%
Oats, Peas, Beans and {Barley} Grow
19%
Did You Ever See a {Lassy}
10%
No matching quizzes found
Score Distribution
Percent of People with Each Score
Percentile by Number Answered
Your Score History
You have not taken this quiz since the last reset